000 00669nam a2200205Ii 4500
003 JO-AjNU
008 230605s9999||||xx |||||||||||||| ||und||
040 _aJO-AjNU
_bara
_erda
_cJO-AjNU
041 _aara
050 1 4 _aBP189.F37 1993
100 3 _aفتاح، عرفان عبد الحميد,
_eauthor
_920069
245 0 0 _aنشأة الفلسفة الصوفية وتطورها
250 _aط1
264 3 1 _aبيروت: دار الجيل، 1993
300 _a286ص
_bفهرس المراجع ص 275-284
336 _atext
_btxt
_2rdacontent
337 _aunmediated
_bn
_2rdamedia
338 _avolume
_bnc
_2rdacarrier
650 4 _aتصوف- متصوفون
_920070
999 _aA6737
_c10305
_d10305